Odpowiedź zaczyna się na literę K - Statystyki

Ogólne statystyki
  • Ten quiz został rozwiązany 64 razy
  • Średni wynik to 11 z 15
Statystyki odpowiedzi
Pytanie Odpowiedź % Poprawnych
Jakie jest drugie największe miasto Polski? Kraków
100%
Kto jest władcą w państwach monarchicznych? Król
98%
O jakim polskim władcy mówi się że "zastał Polskę drewnianą a zostawił murowaną"? Kazimierz Wielki
96%
Jaki liść widnieje na fladze Kanady? Klon
96%
Jakie jest danie narodowe Turcji? Kebab
95%
Jak się nazywa ptak który należy do rodzaju Corvus razem z wroną i gawronem? Kruk
93%
Stolicą jakiego państwa jest Hawana? Kuba
86%
W jakim państwie odbył się niedawno mundial w 2022 roku? Katar
84%
Jak się nazywa siedziba władz rosyjskich? Kreml
73%
Jak się nazywa element budujący organizm żywy zdolny do samodzielnego funkcjonowania? Komórka
70%
Jakim ogółem określa się koliste zagłębienie na powierzchni ciała niebieskiego spowodowane upadkiem meteorytu, planetoidy lub komety? Krater
68%
Jakie miasto jest stolicą Nepalu? Katmandu
57%
Jaki film został wyreżyserowany przez Quentina Tarantino w 2003 roku? Kill Bill
34%
Jak się nazywa seria gier platformowych stworzona przez Nintendo o małym różowym stworku wsysającym rzeczy o tym samym imieniu? Kirby
18%
Jakim ogółem określa się układ elementów zestawionych ze sobą w taki sposób, aby tworzyły one harmonijną całość? Kompozycja
13%
Nie znaleziono quizów pasujących do podanych kryteriów
Rozkład punktacji
Procent ludzi z każdym wynikiem
Percentyl według liczby udzielonych odpowiedzi
Twoja historia wyników
Nie rozwiązałeś tego quizu